000 00984cam a22002411 4500
001 sa 68020652
003 DLC
005 20260227112726.0
008 760504s1966 io 000 0 ind
010 _asa 68020652
035 _a(OCoLC)2154829
040 _aDLC
_cOAU
_dDLC
042 _apremarc
050 0 0 _aQD7
_b.L45 1966
110 2 _aLembaga Bahasa dan Kesusastraan.
_bKomisi Istilah.
245 1 0 _aIntisari tatanama:
_bkimia anorganik dan kimia organik.
260 _aDjakarta,
_bBalai Pustaka,
_c1966.
300 _a116 p.
_c18 cm.
500 _a1956 ed. issued by the body under its earlier name (Lembaga Bahasa dan Budaja) under title: Intisari tatanama: kimia anorganik dan kimia organik beserta kamus istilah kimia.
504 _aIncludes bibliographical references.
650 0 _aChemistry
_xTerminology.
710 1 _aDjakarta.
_bUniversitas Indonesia.
_bLembaga Bahasa dan Budaja.
_tIntisari tatanama: kimia anorganik dan kimia organik beserta kamus istilah kimia.
999 _c89540
_d89540